Theoretical and experimental comparative study of PLD / (رقم التسجيلة. 42184)

تفاصيل مارك
000 -LEADER
fixed length control field 01610cam a2200349 a 4500
003 - CONTROL NUMBER IDENTIFIER
control field EG-GiCUC
005 - DATE AND TIME OF LATEST TRANSACTION
control field 20250223030811.0
008 - FIXED-LENGTH DATA ELEMENTS--GENERAL INFORMATION
fixed length control field 130323s2012 ua dh f m 000 0 eng d
040 ## - CATALOGING SOURCE
Original cataloging agency EG-GiCUC
Language of cataloging eng
Transcribing agency EG-GiCUC
041 0# - LANGUAGE CODE
Language code of text/sound track or separate title eng
049 ## - LOCAL HOLDINGS (OCLC)
Holding library Deposite
097 ## - Thesis Degree
Thesis Level Ph.D
099 ## - LOCAL FREE-TEXT CALL NUMBER (OCLC)
Classification number Cai01.24.12.Ph.D.2012.Na.T
100 0# - MAIN ENTRY--PERSONAL NAME
Personal name Nasser Fathi Abdelkadder
245 10 - TITLE STATEMENT
Title Theoretical and experimental comparative study of PLD /
Statement of responsibility, etc. Nasser Fathi Abdelkadder ; Supervised Yehia Badr , Hosseen Abdelmonem , Tarek Attwaa
246 15 - VARYING FORM OF TITLE
Title proper/short title دراسة مقارنة للترسيب بالليزر النبضى نظريا وعمليا
260 ## - PUBLICATION, DISTRIBUTION, ETC.
Place of publication, distribution, etc. Cairo :
Name of publisher, distributor, etc. Nasser Fathi Abdelkadder ,
Date of publication, distribution, etc. 2012
300 ## - PHYSICAL DESCRIPTION
Extent 142P. :
Other physical details charts , facsimiles ;
Dimensions 25cm
502 ## - DISSERTATION NOTE
Dissertation note Thesis (Ph.D.) - Cairo University - National Institute of Laser Enhanced Science - Department of Laser Science and Interaction
520 ## - SUMMARY, ETC.
Summary, etc. Aim of the work: choosing the pure samples according to technological importance of thin films . Desiging a vacuum chamber and preparing it with required number of arms to guarantee sample moving moving and preparing slices which will be deposited with thin films temperature controlling for target and slices entrance of gases to the chamber
530 ## - ADDITIONAL PHYSICAL FORM AVAILABLE NOTE
Additional physical form available note Issued also as CD
653 #4 - INDEX TERM--UNCONTROLLED
Uncontrolled term Interaction
653 #4 - INDEX TERM--UNCONTROLLED
Uncontrolled term Laser
653 #4 - INDEX TERM--UNCONTROLLED
Uncontrolled term PLD
700 0# - ADDED ENTRY--PERSONAL NAME
Personal name Hosseen Abdelmonem ,
Relator term
700 0# - ADDED ENTRY--PERSONAL NAME
Personal name Tarek Attwaa ,
Relator term
700 0# - ADDED ENTRY--PERSONAL NAME
Personal name Yehia Badr ,
Relator term
856 ## - ELECTRONIC LOCATION AND ACCESS
Uniform Resource Identifier <a href="http://172.23.153.220/th.pdf">http://172.23.153.220/th.pdf</a>
905 ## - LOCAL DATA ELEMENT E, LDE (RLIN)
Cataloger Nazla
Reviser Revisor
905 ## - LOCAL DATA ELEMENT E, LDE (RLIN)
Cataloger Soheir
Reviser Cataloger
942 ## - ADDED ENTRY ELEMENTS (KOHA)
Source of classification or shelving scheme Dewey Decimal Classification
Koha item type Thesis
المقتنيات
Source of classification or shelving scheme Not for loan Home library Current library Date acquired Full call number Barcode Date last seen Koha item type Copy number
Dewey Decimal Classification   المكتبة المركزبة الجديدة - جامعة القاهرة قاعة الرسائل الجامعية - الدور الاول 11.02.2024 Cai01.24.12.Ph.D.2012.Na.T 01010110060091000 22.09.2023 Thesis  
Dewey Decimal Classification   المكتبة المركزبة الجديدة - جامعة القاهرة مخـــزن الرســائل الجـــامعية - البدروم 11.02.2024 Cai01.24.12.Ph.D.2012.Na.T 01020110060091000 22.09.2023 CD - Rom 60091.CD
Cairo University Libraries Portal Implemented & Customized by: Eng. M. Mohamady Contacts: new-lib@cl.cu.edu.eg | cnul@cl.cu.edu.eg
CUCL logo CNUL logo
© All rights reserved — Cairo University Libraries
CUCL logo
Implemented & Customized by: Eng. M. Mohamady Contact: new-lib@cl.cu.edu.eg © All rights reserved — New Central Library
CNUL logo
Implemented & Customized by: Eng. M. Mohamady Contact: cnul@cl.cu.edu.eg © All rights reserved — Cairo National University Library